Normal view
MARC view
- Nisbett, J. Keith
Entry Personal Name
001 - CONTROL NUMBER
- control field: 89857
003 - CONTROL NUMBER IDENTIFIER
- control field: NUST
005 - DATE AND TIME OF LATEST TRANSACTION
- control field: 20220228144619.0
008 - FIXED-LENGTH DATA ELEMENTS
- fixed length control field: 220228|| aca||aabn | a|a d
040 ## - CATALOGING SOURCE
- Original cataloging agency: NUST
- Transcribing agency: NUST
100 ## - HEADING--PERSONAL NAME
- Personal name: Nisbett, J. Keith
670 ## - SOURCE DATA FOUND
- Source citation: Work cat.: (NUST)33384: Budynas, Richard G. (Richard Gordon) 81390, Shigley's mechanical engineering design /, c2011.
